Biotechnology/ (Record no. 209035)
[ view plain ]
| 000 -LEADER | |
|---|---|
| fixed length control field | 00659nam a22001817a 4500 |
| 005 - DATE AND TIME OF LATEST TRANSACTION | |
| control field | 20250213161609.0 |
| 010 ## - LCCN (DPL NO) | |
| LC control number | ENG-143718 |
| 020 ## - INTERNATIONAL STANDARD BOOK NUMBER | |
| International Standard Book Number | 9788190705257 |
| Terms of availability | 190.00 |
| 035 ## - SYSTEM CONTROL NUMBER | |
| System control number | EN-127250 |
| 037 ## - SOURCE OF ACQUISITION | |
| Source of stock number/acquisition | DBAD |
| 082 ## - DEWEY DECIMAL CLASSIFICATION NUMBER | |
| Classification number | 543.089 |
| 100 ## - MAIN ENTRY--PERSONAL NAME | |
| Personal name | Jonnalagadda, Vidyā |
| 245 ## - TITLE STATEMENT | |
| Title | Biotechnology/ |
| Statement of responsibility, etc | By Vidyā Jonnalagadda; P. Nāgapadma [and] K. Anurādhā |
| 260 ## - PUBLICATION, DISTRIBUTION, ETC. (IMPRINT) | |
| Place of publication, distribution, etc | Andhra Pradesh |
| Name of publisher, distributor, etc | Maruthi Publications |
| 270 ## - ADDRESS | |
| City | Andhra Pradesh |
| Postal code | 522001 |
| Address | 9-4-95, Maruthi Manikanta Nilayam, 3rd Lane, Railpet, Gunter |
| Electronic mail address | contact@maruthipublications.com |
| Telephone number | 2224032 |
| Fax number | 91 863 2220566 |
| 300 ## - PHYSICAL DESCRIPTION | |
| Extent | vpp. |
| Dimensions | 21cm(pb) |
| 942 ## - ADDED ENTRY ELEMENTS (KOHA) | |
| Source of classification or shelving scheme | Dewey Decimal Classification |
| Item type | English Books |
| Classification part | 543.089 |
| Call number suffix | JON |
| Withdrawn status | Lost status | Not for loan | Collection code | Home library | Current library | Date acquired | Source of acquisition | Cost, normal purchase price | Full call number | Barcode | Copy number | Cost, replacement price | Koha item type |
|---|---|---|---|---|---|---|---|---|---|---|---|---|---|
| Non-fiction | Central Library | Central Library | 13/02/2025 | Delivery of Books Act Division | 190.00 | 543.089 JON | EN-127250 | 1 | 190.00 | English Books |
